Intermediate correlational methods.

Bibliographic Details
Main Author: Baggaley, Andrew R.
Format: Book
Language:English
Published: [Place of publication not identified] : J. Wiley, [1964]
Subjects:

MARC

Tag First Indicator Second Indicator Subfields
LEADER 00000cam a2200000 4500
001 in00000038998
005 20151007081434.0
008 720110s1964 eng u
010 |a  64023825  
035 |a (OCoLC)00193120 
035 |9 AAF6379AM 
040 |c WSU  |d TXA  |d UtOrBLW 
049 |a TXAM  |c [452560] 
090 |a BF39  |b .B3 
092 |a 311.25  |b B144i 
100 1 |a Baggaley, Andrew R. 
245 1 0 |a Intermediate correlational methods. 
264 1 |a [Place of publication not identified] :  |b J. Wiley,  |c [1964] 
300 |a 211 pages 
336 |a text  |b txt  |2 rdacontent 
337 |a unmediated  |b n  |2 rdamedia 
338 |a volume  |b nc  |2 rdacarrier 
504 |a Bibliography: pages 169-174. 
650 0 |a Psychometrics. 
650 0 |a Correlation (Statistics) 
999 |a MARS 
999 f f |s d9694cbd-e33e-3b13-9a00-65df4c2d609d  |i 8a7b1795-890f-3504-a0ba-07edc060b6b1  |t 0 
952 f f |p ric  |a Texas A&M University  |b Rellis Campus  |c Joint Library Facility  |d Remote Storage  |t 0  |e BF39 .B3  |h Library of Congress classification  |i unmediated -- volume  |m A14800654115 
998 f f |a BF39 .B3  |t 0  |l Remote Storage